| 000 | 01479nam a22003617a 4500 | ||
|---|---|---|---|
| 003 | CHAP | ||
| 005 | 20220329143510.0 | ||
| 008 | 100222s199- mx rs o00010 spa d | ||
| 010 | _a97578 | ||
| 011 | _a98550 | ||
| 022 | 0 | _a0188-8706 | |
| 035 | _a109235 | ||
| 040 | _cCHAP | ||
| 082 | 0 | 4 |
_a330.97205 _bIn31 |
| 110 | 2 |
_aInstituto Nacional de Estadística, Geografía e Informática. México _959304 |
|
| 245 | 1 | 0 |
_aMexican bulletin of statistical information _c/por Instituto Nacional de Estadística, Geografía e Informática |
| 260 |
_aAguascalientes, Ags. : _bINEGI, _c199- |
||
| 300 |
_av. : _bgráfs. |
||
| 500 | _aLa biblioteca tiene : v.3 July-September,1997 -- v.2 April-June,1998 -- v.4 October-December,1998 | ||
| 500 | _aTrimestral | ||
| 590 |
_aBATCH-UPD _b10 _c20130110 _lUCH01 _h1700 |
||
| 590 |
_aBATCH-UPD _b10 _c20130410 _lUCH01 _h1048 |
||
| 590 |
_aBATCH-UPD _b10 _c20130914 _lUCH01 _h1825 |
||
| 590 |
_aCONVERSION _b10 _c20130109 _lUCH01 _h1354 |
||
| 650 | 1 | 4 |
_aMéxico _xCondiciones económicas _xEstadísticas. _976726 |
| 901 | _aBK | ||
| 911 | _aen proceso | ||
| 942 | _cLIBRO | ||
| 949 |
_a330.97205 In31 _bBC _cINEGI _d33724002096322 _eINEGI _f1998 v.2 c.2 _h111922 _i109235 _sb |
||
| 949 |
_a330.97205 In31 _bBC _cINEGI _d33724002096363 _eINEGI _f1998 v.2 _h111921 _i109235 _sb |
||
| 949 |
_a330.97205 In31 _bBC _cINEGI _d33724002096405 _eINEGI _f1998 v.4 _h111923 _i109235 _sb |
||
| 949 |
_a330.97205 In31 _bBC _cINEGI _d33724002096446 _eINEGI _f1997 v.3 _h111920 _i109235 _sb |
||
| 999 |
_c97578 _d97578 |
||